Statystyki dla Kraje w których byłem

Kliknij tutaj aby rozwiązać quiz!

Ogólne statystyki

  • Ten quiz został rozwiązany 57 razy
  • Średni wynik to 12 z 15

Statystyki odpowiedzi

PodpowiedzOdpowiedz% Poprawnych
Graniczy z 7 państwamiPolska
96%
Blisko poprzedniego krajuNiemcy
92%
Kraj słowiański też blisko polskiSłowacja
90%
Kawełek w Europie reszta w azjiTurcja
90%
Kraj słowiański blisko polskiCzechy
88%
Wino i serFrancja
88%
LegoDania
86%
Wino ser też blisko afrykiHiszpania
86%
Wino i blisko do afrykiPortugalia
73%
Incydent z atomem anime itd..Japonia
69%
Bardzo drogoSzwajcaria
69%
Ser, wysocy ludzie..Holandia
67%
Naród nad morzem czarnymBułgaria
65%
Naród nad morzem czarnym
Rumunia
65%
Ciepłe źródła i zabytkiWęgry
39%

Rozkład punktacji

Percentyl według liczby udzielonych odpowiedzi

Procent ludzi z każdym wynikiem

Twoja historia wyników

Nie rozwiązałeś tego quizu